[Event "Rowy Seniors-ch 15th"]
[Site "Rowy"]
[Date "2009.09.16"]
[Round "9"]
[White "Niezgoda, Boleslaw"]
[Black "Krawczyk, Zbigniew"]
[Result "1-0"]
[WhiteElo "1769"]
[BlackElo "1757"]
[PlyCount "29"]
[EventDate "2009.09.08"]
[EventType "swiss"]
[EventRounds "9"]
[EventCountry "POL"]
[SourceTitle "EXT 2010"]
[Source "ChessBase"]
[SourceDate "2010.11.25"]
[SourceVersion "1"]
[SourceVersionDate "2010.11.25"]
[SourceQuality "1"]

1. e4 c6 2. f4 d5 3. e5 Bf5 4. Nf3 h6 5. d4 e6 6. Be2 Nd7 7. 0-0 c5 8. c3 cxd4 9. cxd4 Ne7 10. Nc3 a6 11. Nh4 Bh7 12. Bg4 Rc8 13. f5 exf5 14. Nxf5 Nb6 15. Nd6+ 1-0

[Event "Rowy Seniors-ch 15th"]
[Site "Rowy"]
[Date "2009.09.08"]
[Round "1"]
[White "Krawczyk, Zbigniew"]
[Black "Lada, Ireneusz"]
[Result "0-1"]
[WhiteElo "1757"]
[BlackElo "2108"]
[PlyCount "36"]
[EventDate "2009.09.08"]
[EventType "swiss"]
[EventRounds "9"]
[EventCountry "POL"]
[SourceTitle "EXT 2010"]
[Source "ChessBase"]
[SourceDate "2010.11.25"]
[SourceVersion "1"]
[SourceVersionDate "2010.11.25"]
[SourceQuality "1"]

1. d4 Nf6 2. c4 e6 3. Nc3 c5 4. d5 exd5 5. cxd5 d6 6. e4 Be7 7. Bb5+ Kf8 8. Nf3 a6 9. Be2 b5 10. a3 Nbd7 11. 0-0 h6 12. Qc2 Bb7 13. Rd1 b4 14. axb4 cxb4 15. Na2 Rc8 16. Qd3 Nc5 17. Qe3 a5 18. Rd4 Ng4 0-1

[Event "POL-ch disabled"]
[Site "Rowy"]
[Date "2009.09.02"]
[Round "3.29"]
[White "Krawczyk, Zbigniew"]
[Black "Ostrowski, Michal"]
[Result "1-0"]
[WhiteElo "1757"]
[BlackElo "1413"]
[PlyCount "109"]
[EventDate "2009.09.01"]
[EventType "swiss"]
[EventRounds "9"]
[EventCountry "POL"]
[SourceTitle "EXT 2023"]
[Source "ChessBase"]
[SourceDate "2022.10.05"]
[SourceVersion "1"]
[SourceVersionDate "2022.10.05"]
[SourceQuality "1"]

1. d4 Nf6 2. c4 e5 3. dxe5 Ne4 4. Nf3 Nxf2 5. Kxf2 d6 6. Nc3 Nc6 7. Bf4 Bg4 8. exd6 Bxd6 9. Bxd6 cxd6 10. Qd5 Be6 11. Qg5 Qb6+ 12. Qe3 Qxb2 13. Rb1 Qc2 14. Nd4 Nxd4 15. Qxd4 b6 16. Qd3 Qxd3 17. exd3 0-0 18. Be2 Rac8 19. Nb5 d5 20. Nd4 dxc4 21. Nxe6 fxe6+ 22. Ke3 cxd3 23. Bxd3 Rc5 24. Rb5 Rc3 25. Re5 Rd8 26. Rd1 Kf7 27. Ke2 Kf6 28. Re3 h6 29. Rf1+ Ke7 30. Rd1 Ra3 31. Rd2 Rd6 32. Bc4 Rxe3+ 33. Kxe3 Rc6 34. Bb5 Rc7 35. a4 a5 36. Ke4 Kf6 37. h4 h5 38. Rd6 Rc3 39. Rxb6 Rg3 40. Bd7 Rg4+ 41. Kf3 Rxh4 42. Rxe6+ Kf7 43. Ra6 Rd4 44. Bb5 g5 45. Rxa5 h4 46. Ra6 g4+ 47. Ke3 Rb4 48. Rh6 g3 49. Kf3 Ke7 50. Rh5 Kd6 51. a5 Kc7 52. Bd3 Rb2 53. Rxh4 Ra2 54. a6 Ra3 55. Rd4 1-0

[Event "Katy Rybackie op"]
[Site "Katy Rybackie"]
[Date "2009.06.18"]
[Round "6"]
[White "Krawczyk, Zbigniew"]
[Black "Galicki, Ryszard"]
[Result "0-1"]
[WhiteElo "1720"]
[BlackElo "1997"]
[PlyCount "51"]
[EventDate "2009.06.14"]
[EventType "swiss"]
[EventRounds "9"]
[EventCountry "POL"]
[SourceTitle "CBM 131 Extra"]
[Source "ChessBase"]
[SourceDate "2009.09.03"]
[SourceVersion "2"]
[SourceVersionDate "2009.09.16"]
[SourceQuality "1"]

1. d4 Nf6 2. c4 c5 3. d5 b5 4. b3 g6 5. Bb2 Bg7 6. g3 d6 7. Bg2 0-0 8. Nf3 b4 9. 0-0 Nbd7 10. Nbd2 Qc7 11. Re1 Nb6 12. e4 Ng4 13. Bxg7 Kxg7 14. h3 Ne5 15. Nxe5 dxe5 16. Kh2 Bd7 17. Qe2 Nc8 18. Qe3 Nd6 19. f4 f6 20. fxe5 fxe5 21. Rf1 Rf6 22. Nf3 Nf7 23. Rf2 h6 24. Raf1 h5 25. Ra1 a5 26. Rff1 0-1

[Event "Rowy op-A 17th"]
[Site "Rowy"]
[Date "2008.06.17"]
[Round "5.30"]
[White "Zarow, Elzbieta"]
[Black "Krawczyk, Zbigniew"]
[Result "0-1"]
[WhiteElo "1537"]
[BlackElo "1783"]
[PlyCount "40"]
[EventDate "2008.06.14"]
[EventType "swiss"]
[EventRounds "9"]
[EventCountry "POL"]
[SourceTitle "EXT 2023"]
[Source "ChessBase"]
[SourceDate "2022.10.05"]
[SourceVersion "1"]
[SourceVersionDate "2022.10.05"]
[SourceQuality "1"]

1. d4 Nf6 2. c4 e5 3. d5 Bc5 4. Bg5 Bxf2+ 5. Kxf2 Ng4+ 6. Ke1 Qxg5 7. Nf3 Qe3 8. Qd2 Qf2+ 9. Kd1 Ne3+ 10. Kc1 Nxf1 11. Rxf1 Qxf1+ 12. Kc2 d6 13. Ne1 Bf5+ 14. Kb3 Nd7 15. Nc3 Nc5+ 16. Ka3 Qf4 17. Qxf4 exf4 18. Nb5 Kd7 19. Nd4 Bg4 20. h3 Bh5 0-1